Pablo Diablo / (Registro nro. 31184)
[ vista simple ]
| 000 -LEADER | |
|---|---|
| fixed length control field | 01167nam a22002897a 4500 |
| 003 - CONTROL NUMBER IDENTIFIER | |
| control field | OSt |
| 005 - DATE AND TIME OF LATEST TRANSACTION | |
| control field | 20260622103929.0 |
| 008 - FIXED-LENGTH DATA ELEMENTS--GENERAL INFORMATION | |
| fixed length control field | 260622b |||||||| |||| 00| 0 eng d |
| 020 ## - INTERNATIONAL STANDARD BOOK NUMBER | |
| International Standard Book Number | 9788434889026 |
| 037 ## - SOURCE OF ACQUISITION | |
| Source of stock number/acquisition | Donación |
| 040 ## - CATALOGING SOURCE | |
| Original cataloging agency | CO-JMCR |
| Language of cataloging | spa |
| Transcribing agency | CO-JMCR |
| Modifying agency | CO-JMCR |
| Description conventions | rda |
| 041 1# - LANGUAGE CODE | |
| Language code of text/sound track or separate title | spa |
| Language code of original | eng |
| 082 04 - DEWEY DECIMAL CLASSIFICATION NUMBER | |
| Classification number | N |
| Item number | SIMp |
| 100 1# - MAIN ENTRY--PERSONAL NAME | |
| Personal name | Simon, Francesca, |
| 9 (RLIN) | 44642 |
| 245 10 - TITLE STATEMENT | |
| Title | Pablo Diablo / |
| Statement of responsibility, etc. | Francesca Simon. |
| 300 ## - PHYSICAL DESCRIPTION | |
| Extent | 95 páginas : |
| Other physical details | ilustraciones en blanco y negro ; |
| Dimensions | 19 cm. |
| 440 ## - SERIES STATEMENT/ADDED ENTRY--TITLE | |
| Title | El barco de vapor ; |
| 9 (RLIN) | 44643 |
| 520 3# - SUMMARY, ETC. | |
| Summary, etc. | Pablo Diablo era un auténtico diablo. Todo el mundo lo decía. Pero un día Pablo decidió convertirse en un niño perfecto, como su hermoano roberto. |
| 650 #7 - SUBJECT ADDED ENTRY--TOPICAL TERM | |
| Source of heading or term | JMCR |
| Topical term or geographic name entry element | Novela infantil estadounidense |
| Chronological subdivision | Siglo XX |
| 9 (RLIN) | 44644 |
| 650 #7 - SUBJECT ADDED ENTRY--TOPICAL TERM | |
| Source of heading or term | JMCR |
| Topical term or geographic name entry element | Literatura infantil estadounidense |
| Chronological subdivision | Siglo XX |
| 9 (RLIN) | 44645 |
| 650 #7 - SUBJECT ADDED ENTRY--TOPICAL TERM | |
| Source of heading or term | JMCR |
| Topical term or geographic name entry element | Relación madre e hijo en la literatura |
| 9 (RLIN) | 44646 |
| 650 #7 - SUBJECT ADDED ENTRY--TOPICAL TERM | |
| Source of heading or term | JMCR |
| Topical term or geographic name entry element | Hermanos en la literatura |
| 9 (RLIN) | 44647 |
| 650 #7 - SUBJECT ADDED ENTRY--TOPICAL TERM | |
| Source of heading or term | JMCR |
| Topical term or geographic name entry element | Travesuras en la literatura |
| 9 (RLIN) | 7867 |
| 650 #7 - SUBJECT ADDED ENTRY--TOPICAL TERM | |
| Source of heading or term | JMCR |
| Topical term or geographic name entry element | Rivalidad entre hermanos en la literatura |
| 9 (RLIN) | 44648 |
| 700 1# - ADDED ENTRY--PERSONAL NAME | |
| Personal name | Ross, Tony, |
| Dates associated with a name | 1938- |
| Relator term | ilustrador |
| 9 (RLIN) | 44649 |
| 942 ## - ADDED ENTRY ELEMENTS (KOHA) | |
| Source of classification or shelving scheme | Dewey Decimal Classification |
| Koha item type | Books |
| Withdrawn status | Lost status | Source of classification or shelving scheme | Damaged status | Not for loan | Collection code | Home library | Current library | Shelving location | Date acquired | Total Checkouts | Full call number | Barcode | Date last seen | Copy number | Price effective from | Koha item type |
|---|---|---|---|---|---|---|---|---|---|---|---|---|---|---|---|---|
| Dewey Decimal Classification | Fiction | Biblioteca Pública José María del Castillo y Rada | Biblioteca Pública José María del Castillo y Rada | Book Cart | 06/22/2026 | N SIMp | 201812702 | 06/22/2026 | Ej.1 | 06/22/2026 | Books |